Представление документа в формате RUSMARC

ПолеНазваниеЗначение
  Тип записи a
  Библиографический уровень m
001 Контрольный номер LIBNET\0001511006
005 Дата корректировки 20260630163625.0
010 Индекс ISBN __
a ISBN 978-5-4484-5523-0
9 Тираж 1000 экз.
b Уточнения в пер.
100 Данные общей обработки __
a Данные общей обработки 20260521d2025 u y0rusy0189 ca
101 Язык документа 0_
a Язык текста rus
102 Страна публикации __
a Страна публикации RU
105 Кодированные данные (монография) __
a Кодированные данные (монография) a z 000ay
200 Заглавие и сведения об ответственности 1_
a Заглавие Ты идешь, Победа...
e Сведения, относящиеся к заглавию Писатели – фронту!
e Сведения, относящиеся к заглавию от Великой Отечественной до СВО, 1941-2025
f Первые сведения об ответственности составление, комментарии А. А. Боброва
203 Вид содержания и тип средства __
a Вид содержания Текст
b Характеристика содержания визуальный
c Тип средства непосредственный
210 Выходные данные 1_
a Место издания Москва
c Издательство Вече
d Дата издания 2025
215 Физическое описание __
a Объем 429, [2] с.
c Иллюстрации/тип воспроизводства ил.
d Формат 21 см
333 Примечание о целевом назначении __
a Примечание о целевом назначении 12+
464 Аналитический уровень _1
1 2001
a В свинцовой мгле
a По обугленной земле
a Через горе и слезы
a В цветах и славе
a Песня и шутка, в атаку!
a Сцена и телеэкран - в дыму
a Кто идёт на смену?
517 Другие варианты заглавия 1_
a Другие варианты заглавия Писатели – фронту!
517 Другие варианты заглавия 1_
a Другие варианты заглавия От Великой Отечественной до СВО, 1941-2025
606 Тематические рубрики 1_
a Основная рубрика Великая Отечественная война
z Хронологическая подрубрика 1941-1945
x Основная подрубрика в художественной литературе
j Формальный подзаголовок Сборники
606 Тематические рубрики 1_
a Основная рубрика Специальная военная операция Российской Федерации
z Хронологическая подрубрика 2022
x Основная подрубрика в художественной литературе
j Формальный подзаголовок Сборники
610 Ключевые слова 0_
a Ключевые слова Великая Отечественная война в художественной литературе; специальная военная операция в художественной литературе
686 Индексы других классификаций __
a Классификационный индекс 83.3(2=Рус)64
2 Код системы rubbk
686 Индексы других классификаций __
a Классификационный индекс 83.3(2=Рус)6
2 Код системы rubbk
702 Вторичная интеллектуальная ответственность _1
a Фамилия Бобров
b Имя (инициалы) А. А.
4 Код отношения 220
4 Код отношения 212
801 Источник записи _0
a Страна RU
b Организация Новосибирская ГОНБ
c Дата составления 20251110
g Правила каталогизации rcr
801 Источник записи _1
a Страна RU
b Организация Новосибирская ГОНБ
c Дата составления 20251110
2 Код формата rusmarc
801 Источник записи _2
a Страна RU
b Организация Ульяновская ОНБ
c Дата составления 20260521
g Правила каталогизации RCR
900 Электронные ресурсы __
a Имя электронного ресурса много20260079
900 Электронные ресурсы __
a Имя электронного ресурса много20260080
901 Тип документа __
t Тип документа m
909 Создатель записи __
a Создатель записи Егорова Э. А.
b Дата создания записи 20260521
910 Корректоры записи __
a Корректор записи Пряхина